| 000 | 00686nam a22001937a 4500 | ||
|---|---|---|---|
| 999 |
_c17831 _d17831 |
||
| 003 | AR-CdUCM | ||
| 008 | 190509b ||||| |||| 00| 0 spa d | ||
| 040 |
_aMUNICIPALIDAD PROVINCIAL DEL CUSCO _cBIBLIOTECA MUNICIPAL DEL CUSCO |
||
| 082 |
_a869.56 / _bS18 |
||
| 100 |
_aSalazar Bondy, Sebastián _9906 |
||
| 245 | _aPiezas dramáticas / | ||
| 260 |
_aLima : _bMoncloa Editores, _c1967. |
||
| 300 |
_a303 páginas ; _c23 cm. |
||
| 505 | _aContenido: t.2. Sebastián Salazar Bondy en su teatro -- Rodil -- No hay isla feliz -- Algo que quiere morir -- Flora Tristan ... | ||
| 650 |
_aTeatro peruano _92697 |
||
| 650 |
_aSiglo XX. _98 |
||
| 942 |
_2ddc _cLIBROS |
||
| 945 |
_aacv _d2019-05-09 |
||